Countries With Nine Letters - One Minute Sprint - Statistics

General Stats
  • This quiz has been taken 43 times
    11 since last reset
  • The average score is 6 of 13
Answer Stats
country % Correct
Australia
86%
Argentina
71%
Costa Rica
71%
Venezuela
71%
Guatemala
57%
Nicaragua
57%
Indonesia
43%
Lithuania
29%
Palestine
29%
San Marino
29%
Singapore
29%
Cabo Verde
0%
Mauritius
0%
No matching quizzes found
Score Distribution
Percent of People with Each Score
Percentile by Number Answered
Your Score History
You have not taken this quiz since the last reset